[Event "FIN-chT1B 1819"]
[Site "Finland"]
[Date "2018.09.15"]
[Round "1.7"]
[White "Ngo, Thi Ngoc Ngan"]
[Black "Pitkanen, Jorma"]
[Result "0-1"]
[WhiteElo "1598"]
[BlackElo "1929"]
[PlyCount "158"]
[EventDate "2018.09.15"]
[EventType "team-tourn"]
[EventRounds "7"]
[EventCountry "FIN"]
[SourceTitle "EXT 2020"]
[Source "ChessBase"]
[SourceDate "2019.10.17"]
[SourceVersion "1"]
[SourceVersionDate "2019.10.17"]
[SourceQuality "1"]
[WhiteTeam "Jyvaskyla JyS II"]
[BlackTeam "Lahti S"]
[WhiteTeamCountry "FIN"]
[BlackTeamCountry "FIN"]

1. e4 c5 2. Nf3 Nc6 3. d4 cxd4 4. Nxd4 e5 5. Nf3 Nf6 6. Bd3 Be7 7. c4 d6 8. h3 h6 9. Nc3 b6 10. 0-0 0-0 11. a3 Be6 12. b4 Rc8 13. Qe2 Nh7 14. Rd1 Qc7 15. Nd5 Bxd5 16. cxd5 Nb8 17. Be3 Qb7 18. Rac1 Rxc1 19. Rxc1 Rc8 20. Rc2 Nf8 21. Qd2 Rxc2 22. Qxc2 Bd8 23. Nd2 Qc7 24. Qc4 Ng6 25. g3 Qxc4 26. Nxc4 Bc7 27. a4 Nf8 28. Be2 Nfd7 29. f4 f6 30. f5 Kf8 31. Na3 a6 32. Nc4 Ke7 33. Kf2 Kf7 34. g4 Ke7 35. Kg3 Kf7 36. a5 bxa5 37. Nxa5 Ke8 38. Nb7 Ke7 39. h4 Bb6 40. Bxb6 Nxb6 41. g5 hxg5 42. hxg5 Na4 43. Kh4 Nc3 44. Bd3 Na2 45. b5 axb5 46. Bxb5 Nc3 47. Bd3 Nd7 48. g6 Nc5 49. Nxc5 dxc5 50. Kg3 c4 51. Bc2 Ne2+ 52. Kf2 Nd4 53. Ba4 Kd6 54. Ke3 Kc5 55. Kd2 Kb4 56. Bd1 Nb5 57. Bc2 Nd6 58. Bb1 Kb3 59. Kc1 Kc3 60. Bc2 Kd4 61. Kb2 Kc5 62. Kc3 Nb5+ 63. Kb2 Kb4 64. Kc1 Kc3 65. Ba4 Nd6 66. Bc2 Nb7 67. Ba4 Kd3 68. Bc2+ Ke3 69. Kb2 Kd2 70. Ba4 Nd6 71. Bc2 Nb5 72. Bb1 Ke3 73. Bc2 Ke2 74. Ba4 Kd2 75. Bc2 c3+ 76. Kb3 Nd4+ 77. Kc4 Kxc2 78. d6 Kb2 79. d7 c2 0-1

[Event "VIE-ch U15 Girls"]
[Site "Ho Chi Minh City"]
[Date "2014.07.18"]
[Round "9"]
[White "Ngo, Thi Ngoc Ngan"]
[Black "Tran, Thi Phuong Anh"]
[Result "0-1"]
[WhiteElo "1901"]
[BlackElo "1909"]
[PlyCount "94"]
[EventDate "2014.07.13"]
[EventType "swiss"]
[EventRounds "9"]
[EventCountry "VIE"]
[SourceTitle "EXT 2016"]
[Source "ChessBase"]
[SourceDate "2015.10.08"]
[SourceVersion "1"]
[SourceVersionDate "2015.10.08"]
[SourceQuality "1"]

1. e4 c6 2. d4 d5 3. e5 Bf5 4. Ne2 e6 5. Ng3 Bg6 6. Bd3 c5 7. c3 Nc6 8. Bxg6 hxg6 9. Be3 Qb6 10. Qb3 Qxb3 11. axb3 cxd4 12. cxd4 Nb4 13. Ke2 Ne7 14. Na3 Nec6 15. Rac1 Be7 16. Nc2 Kd7 17. Nxb4 Bxb4 18. h4 Rh7 19. h5 gxh5 20. Rxh5 Rxh5 21. Nxh5 Rh8 22. g4 g6 23. Nf6+ Kc7 24. Kd3 b6 25. Bd2 Rh3+ 26. Be3 Kb7 27. Ne8 Rh8 28. Nd6+ Bxd6 29. exd6 f6 30. g5 f5 31. Kd2 Rh4 32. b4 f4 33. b5 fxe3+ 34. Kxe3 Re4+ 35. Kd2 Rxd4+ 36. Ke3 Re4+ 37. Kf3 Ne5+ 38. Kg2 Rc4 39. Re1 Re4 40. Rc1 Nc4 41. f3 Re2+ 42. Kg3 Nxd6 43. Rh1 Rc2 44. Rh6 Nf5+ 45. Kg4 Nxh6+ 46. gxh6 Rh2 47. Kg5 d4 0-1

[Event "VIE-ch U15 Girls"]
[Site "Ho Chi Minh City"]
[Date "2014.07.13"]
[Round "1"]
[White "Ngo, Thi Ngoc Ngan"]
[Black "Nguyen, To Tran"]
[Result "1/2-1/2"]
[WhiteElo "1901"]
[BlackElo "1736"]
[PlyCount "74"]
[EventDate "2014.07.13"]
[EventType "swiss"]
[EventRounds "9"]
[EventCountry "VIE"]
[SourceTitle "EXT 2016"]
[Source "ChessBase"]
[SourceDate "2015.10.08"]
[SourceVersion "1"]
[SourceVersionDate "2015.10.08"]
[SourceQuality "1"]

1. e4 c5 2. Nf3 g6 3. d4 cxd4 4. Nxd4 Bg7 5. Be3 Nc6 6. Nc3 Nf6 7. Bc4 Qa5 8. f3 Qb4 9. Nxc6 dxc6 10. Bb3 0-0 11. Qd2 Nd7 12. Bh6 Nc5 13. Bxg7 Kxg7 14. a3 Nxb3 15. axb4 Nxd2 16. Kxd2 a6 17. Ke3 e5 18. Rhd1 Be6 19. Na4 f5 20. Nc5 Bc8 21. Rd6 f4+ 22. Ke2 Kf7 23. Rad1 Re8 24. Na4 Ra7 25. Nb6 Be6 26. c4 a5 27. Ra1 a4 28. Kd3 Ke7 29. c5 Ra6 30. Rxa4 Rxb6 31. Rxe6+ Kxe6 32. cxb6 Rd8+ 33. Kc3 Kd6 34. Kc4 Ke6 35. Kc3 Kd6 36. Kc4 Ke6 37. Kc3 Kd6 1/2-1/2

[Event "VIE-ch U15 Girls"]
[Site "Ho Chi Minh City"]
[Date "2014.07.13"]
[Round "2"]
[White "Tran, Phan Bao Khanh"]
[Black "Ngo, Thi Ngoc Ngan"]
[Result "1-0"]
[WhiteElo "1691"]
[BlackElo "1901"]
[PlyCount "81"]
[EventDate "2014.07.13"]
[EventType "swiss"]
[EventRounds "9"]
[EventCountry "VIE"]
[SourceTitle "EXT 2016"]
[Source "ChessBase"]
[SourceDate "2015.10.08"]
[SourceVersion "1"]
[SourceVersionDate "2015.10.08"]
[SourceQuality "1"]

1. d4 d5 2. c4 c6 3. Nf3 dxc4 4. a4 Nf6 5. Na3 Bf5 6. Nxc4 e6 7. g3 Be7 8. Bg2 0-0 9. 0-0 Nbd7 10. Qb3 Nb6 11. Nce5 a5 12. Rd1 Nfd5 13. Ne1 Nf6 14. Bxc6 bxc6 15. Nxc6 Qc7 16. Nxe7+ Qxe7 17. Qxb6 Rfb8 18. Qc5 Qxc5 19. dxc5 Rc8 20. Be3 Rab8 21. Bd4 Ne4 22. Rac1 Rb4 23. f3 Nf6 24. e4 Bg6 25. Bxf6 gxf6 26. c6 Kg7 27. c7 Rb7 28. Rd7 f5 29. e5 f4 30. gxf4 h6 31. Rc5 Ra7 32. Nc2 Bh5 33. Nd4 Bg6 34. f5 exf5 35. e6 Kf6 36. e7 Raa8 37. Rd8 Kxe7 38. Re5+ Kf6 39. Ree8 Rxc7 40. Rxa8 Rc1+ 41. Kg2 1-0

[Event "VIE-ch U15 Girls"]
[Site "Da Lat"]
[Date "2013.07.??"]
[Round "8"]
[White "Ngo, Thi Ngoc Ngan"]
[Black "Tran, Nguyen Que Huong"]
[Result "0-1"]
[WhiteElo "1989"]
[BlackElo "1702"]
[PlyCount "86"]
[EventDate "2013.07.13"]
[EventType "swiss"]
[EventRounds "9"]
[EventCountry "VIE"]
[SourceTitle "EXT 2014"]
[Source "ChessBase"]
[SourceDate "2013.11.20"]
[SourceVersion "1"]
[SourceVersionDate "2013.11.20"]
[SourceQuality "1"]

1. e4 c6 2. d4 d5 3. Nd2 dxe4 4. Nxe4 Nd7 5. Nf3 Ngf6 6. Ng3 e6 7. Bd3 c5 8. c3 Be7 9. 0-0 0-0 10. Re1 b6 11. Ne4 Bb7 12. Bf4 cxd4 13. cxd4 Bb4 14. Re2 Nxe4 15. Bxe4 Bxe4 16. Rxe4 Nf6 17. Re2 Qd5 18. a3 Be7 19. Rc1 Rac8 20. Rec2 Rxc2 21. Rxc2 Qe4 22. Bg3 a5 23. Qc1 Nd5 24. h3 h6 25. Qd2 Rd8 26. Ne5 Bg5 27. Qd1 Bf4 28. Qe2 Qxe2 29. Rxe2 Bxg3 30. fxg3 Nf6 31. Nc6 Rd6 32. Rc2 Nd5 33. Kf2 f6 34. Na7 Rd7 35. Nb5 Kf7 36. Rc6 Ke7 37. Nc3 Nxc3 38. bxc3 Rb7 39. Ke3 Kd7 40. Rc4 b5 41. Rc5 Kd6 42. Rh5 b4 43. Rxa5 b3 0-1